Una gioventù sessualmente liberata (o quasi) (Record n. 336706)

Dettagli MARC
000 -LEADER
campo di controllo lung. fissa nam a22 7a 4500
003 - Identificatore del numero di controllo
campo di controllo IT-MiCISF
005 - Data e orario dell'ultima transazione
campo di controllo 20170531151340.0
008 - Elementi di lunghezza fissa--Informazione generale
campo di controllo lung. fissa 170531b xxu||||| |||| 00| 0 eng d
040 ## - Fonte della catalogazione
Agenzia che fa la trascrizione IT-MiCISF
041 ## - Codice di lingua
Codice di lingua del testo/traccia sonora o titolo separato it
100 ## - Accesso principale -- nome di persona
Nome di persona Hargot Thérèse
9 (RLIN) 56506
245 ## - Formulazione del titolo
Titolo Una gioventù sessualmente liberata (o quasi)
260 ## - Pubblicazione, distribuzione, ecc. (stampa)
Luogo di pubblicazione, distribuzione, ecc. Venezia
Nome dell'editore, distributore, ecc. Sonzogno
Data di pubblicazione, distribuzione, ecc. 2017
300 ## - Descrizione fisica
Estensione pp. 170
500 ## - Nota generale
Nota generale sessualità, adolescenza, giovani, educazione-sessuale, comportamento-sessuale, omosessualità, rapporti-sessuali, contraccezione, aborto, differenza-sessuale
520 ## - Riassunto, ecc.
Nota di riassunto, ecc. L’autrice, sessuologa francese, dopo un'esperienza decennale nelle scuole, s'interroga sui giovani d'oggi: credono di essersi affrancati dai divieti, ma sono più imprigionati di prima. Se un tempo vi era l'imperativo di restare vergini fino al matrimonio, ora ad affliggerli è l'imperativo opposto: misurarsi, fin da subito, con la propria sessualità. Il facile accesso al porno, l'ansia della performance, l'ossessione dell'orientamento sessuale... che libertà è questa, che impone di scegliere l'identità, gli amori, le pratiche come un prodotto di consumo? Grazie a numerose testimonianze, l'autrice affronta i problemi dei ragazzi, e li invita a ripensare alla vita affettiva e sessuale, per renderla davvero gioiosa.
650 ## - Accesso aggiunto di soggetto--termine topico
Termine topico o nome geografico come accesso sessualità
9 (RLIN) 56091
654 ## - Accesso aggiunto di soggetto--termini topici faccettati
Termine principale saggio
942 ## - Dati aggiuntivi (Koha)
Fonte della classificazione o dello schema di collocazione (segnatura) Dewey Decimal Classification
Tipo copia default (Koha) LIBRO
Dati di copia
Ritirato (status) Perso (status) Fonte della classificazione o dello schema di collocazione (segnatura) Danneggiato (status) Non per il presito Biblioteca proprietaria Biblioteca in cui si trova Data d'acquisizione Totale prestiti Collocazione Codice a barre Data ultima operazione Prezzo in vigore dal Tipo copia default (Koha)
    Dewey Decimal Classification Buone Condizioni Not For Loan CISF - Milano CISF - Milano 31/05/2017   b7352 9788845426339 31/05/2017 31/05/2017 LIBRO
CREDITS: SOCIETA' SAN PAOLO Via A.Severo, 58 - ROMA (RM) & PERIODICI SAN PAOLO SRL Via Giotto, 36 MILANO & CISF Via Giotto, 36 MILANO & EDIZIONI SAN PAOLO SRL,  Piazza Soncino, 5 CINISELLO BALSAMO (MI) -- ITALY